LEADER 01065nam a2200265 i 4500 001 991001920809707536 005 20020508183734.0 008 991118s1982 it ||| | ita 035 $ab10932707-39ule_inst 035 $aPARLA151214$9ExL 040 $aDip.to Scienze Storiche Fil. e Geogr.$bita 082 0 $a945.91 100 1 $aVarsori, Antonio$0464724 245 14$aGli alleati e l'emigrazione democratica antifascista :$b1940-1943 /$cAntonio Varsori 260 $aFirenze :$bSansoni,$c1982 300 $aXIV, 355 p. ;$c20 cm. 490 0 $aBiblioteca dell'Istituto socialista di studi storici 650 4$aAntifascismo$zItalia$y1940-1943 650 4$aEmigrati politici italiani$zStati Uniti d'America$y1940-1943 907 $a.b10932707$b23-02-17$c28-06-02 912 $a991001920809707536 945 $aLE009 STOR.65-289$g1$i2009000395930$lle009$o-$pE0.00$q-$rl$s- $t0$u0$v0$w0$x0$y.i11038147$z28-06-02 996 $aAlleati e l'emigrazione democratica antifascista$9919911 997 $aUNISALENTO 998 $ale009$b01-01-99$cm$da $e-$fita$git $h4$i1 LEADER 01115nam a2200265 i 4500 001 991003639669707536 008 190416s20172018it mb 000 0 ita d 035 $ab14364475-39ule_inst 040 $aBibl. Dip.le Aggr. Matematica e Fisica - Sez. Matematica$beng 082 0 $a510 084 $aAMS 12E12 084 $aAMS 12E05 100 1 $aTrono, Angelica$0785969 245 12$aI polinomi simmetrici ed alcune applicazioni alla teoria di Galois. Tesi di laurea /$claureanda Angelica Trono ; relat. Maria Maddalena Miccoli 260 $aLecce :$bUniversità del Salento. Corso di laurea in Matematica,$ca.a. 2017-18 300 $a41 p. ;$c30 cm 650 0$aEquations 650 0$aPolynomials 700 1 $aMiccoli, Maria Maddalena 907 $a.b14364475$b17-07-19$c16-04-19 912 $a991003639669707536 945 $aLE013 TES 2017/18 TRO1$g1$i2013000230320$lle013$og$pE15.00$q-$rn$so $t0$u0$v0$w0$x0$y.i15898039$z17-07-19 996 $aPolinomi simmetrici ed alcune applicazioni alla teoria di Galois. Tesi di laurea$91749921 997 $aUNISALENTO 998 $ale013$b16-04-19$cm$da $e-$fita$git $h2$i0